El porvenir de una revuelta

Bewaard in:
Bibliografische gegevens
Hoofdauteur: Kristeva, Julia
Formaat: Boek
Taal:Undetermined
Gepubliceerd in: Barcelona, España Editorial Seix Barral 2000
Onderwerpen:
Tags: Voeg label toe
Geen labels, Wees de eerste die dit record labelt!

MARC

LEADER 00000nam a2200000Ia 4500
008 170316s9999 xx 000 0 und d
040 |a cru BVZT 
090 |a 100 K-26.1p 
100 |a Kristeva, Julia 
245 |a El porvenir de una revuelta 
260 |a Barcelona, España 
260 |b Editorial Seix Barral 
260 |c 2000 
300 |a 125 páginas 
650 |a FILOSOFÍA  |9 5 
650 |a ENSAYO 
650 |a EL PSICOANÁLISIS - REVUELTA 
650 |a PSICOANÁLISIS - LIBERTAD 
650 |a FREUD 
650 |a LACAN 
650 |a LA REVUELTA 
650 |a EUROFILIA 
650 |a EUROFOBIA 
999 |c 16682  |d 16682 
942 |c LIB  |h 100 K-26.1p  |2 z